Netflix Originals- seriale oryginalne - Statystyki

Ogólne statystyki
  • Ten quiz został rozwiązany 620 razy
  • Średni wynik to 3 z 15
Statystyki odpowiedzi
Odpowiedź % Poprawnych
stranger things
80%
dom z papieru
67%
sex education
46%
lucyfer
41%
szkoła dla elity
37%
the umbrella academy
24%
orange is the new black
18%
house of cards
8%
uwięzione
7%
bojack horseman
5%
iron fist
2%
the end of the fu**ing world
1%
titans
1%
unorthodox
1%
król tygrysów
0%
Nie znaleziono quizów pasujących do podanych kryteriów
Rozkład punktacji
Procent ludzi z każdym wynikiem
Percentyl według liczby udzielonych odpowiedzi
Twoja historia wyników
Nie rozwiązałeś tego quizu